Planning and Engineering of Shortwaves Links / (Record no. 183458)
[ view plain ]
| 000 -LEADER | |
|---|---|
| fixed length control field | 00761 a2200193 4500 |
| 003 - CONTROL NUMBER IDENTIFIER | |
| control field | Nust |
| 005 - DATE AND TIME OF LATEST TRANSACTION | |
| control field | 20221227123859.0 |
| 010 ## - LIBRARY OF CONGRESS CONTROL NUMBER | |
| LC control number | 81158353 |
| 020 ## - INTERNATIONAL STANDARD BOOK NUMBER | |
| International Standard Book Number | 3800913216 |
| 040 ## - CATALOGING SOURCE | |
| Transcribing agency | Nust |
| 082 ## - DEWEY DECIMAL CLASSIFICATION NUMBER | |
| Classification number | 621.384151,BRA |
| 100 1# - MAIN ENTRY--PERSONAL NAME | |
| Personal name | Braun, Gerhard, |
| 9 (RLIN) | 106033 |
| 245 10 - TITLE STATEMENT | |
| Title | Planning and Engineering of Shortwaves Links / |
| Statement of responsibility, etc. | Gerhard Braun. |
| 260 ## - PUBLICATION, DISTRIBUTION, ETC. | |
| Place of publication, distribution, etc. | Berlin : |
| Name of publisher, distributor, etc. | Siemens, |
| Date of publication, distribution, etc. | 1981. |
| 300 ## - PHYSICAL DESCRIPTION | |
| Extent | 329 p. : |
| Other physical details | ill. ; |
| Dimensions | 21 cm. |
| 505 ## - FORMATTED CONTENTS NOTE | |
| Formatted contents note | Introduction (Page-11), Fundamentals (Page-15), Technical Condition for Software Links (Page-78), Calculation of Shortwave Paths for Sky-Wave Propagation (Page-124), Calculation of Shortwave Paths for Ground Wave Propagation (Page-253), Shortwave Antennas (Page-283). |
| 650 #0 - SUBJECT ADDED ENTRY--TOPICAL TERM | |
| Topical term or geographic name entry element | Shortwave radio. |
| 9 (RLIN) | 94410 |
| 942 ## - ADDED ENTRY ELEMENTS (KOHA) | |
| Source of classification or shelving scheme | |
| Koha item type | Book |
| Withdrawn status | Lost status | Source of classification or shelving scheme | Damaged status | Not for loan | Permanent Location | Current Location | Shelving location | Date acquired | Full call number | Barcode | Date last seen | Price effective from | Koha item type | Public note |
|---|---|---|---|---|---|---|---|---|---|---|---|---|---|---|
| Military College of Signals (MCS) | Military College of Signals (MCS) | General Stacks | 12/12/2016 | 621.384151,BRA | MCS6898 | 12/08/2016 | 12/12/2016 | Book | Almirah No.38, Shelf No.6 |
